[Event "European Online Club-ch-F 2021"]
[Site "Online"]
[Date "2021.03.27"]
[Round "6.20"]
[White "Jablonicky, Martin"]
[Black "Meribanov, Vitaly"]
[Result "1/2-1/2"]
[WhiteElo "2298"]
[BlackElo "2406"]
[Annotator "NA"]
[PlyCount "115"]
[EventDate "2021.03.27"]
[EventType "team-tourn"]
[EventCountry "NET"]
[SourceTitle "playchess.com"]
[Source "ChessBase"]
[SourceQuality "1"]
[TimeControl "900+5"]

1. e4 {[%emt 0:00:00]} c5 {[%emt 0:00:05]} 2. a3 {[%emt 0:00:04]} d5 {[%emt 0:00:20]} 3. exd5 {[%emt 0:00:07]} Qxd5 {[%emt 0:00:03]} 4. Nc3 {[%emt 0:00:03]} Qd8 {[%emt 0:00:03]} 5. Nf3 {[%emt 0:00:06]} Nf6 {[%emt 0:00:03]} 6. Bb5+ {[%emt 0:00:30]} Bd7 {[%emt 0:00:06]} 7. Bxd7+ {[%emt 0:00:38]} Nbxd7 {[%emt 0:00:02]} 8. O-O {[%emt 0:00:07]} e6 {[%emt 0:00:05]} 9. d3 {[%emt 0:00:23]} Be7 {[%emt 0:00:10]} 10. Bf4 {[%emt 0:00:14]} O-O {[%emt 0:00:02]} 11. Ne5 {[%emt 0:00:39]} Nxe5 {[%emt 0:00:21]} 12. Bxe5 {[%emt 0:00:03]} Bd6 {[%emt 0:00:17]} 13. Bxf6 {[%emt 0:01:56]} Qxf6 {[%emt 0:00:05]} 14. Ne4 {[%emt 0:00:03]} Qf4 {[%emt 0:01:36]} 15. Nxd6 {[%emt 0:03:32]} Qxd6 {[%emt 0:00:05]} 16. Qf3 {[%emt 0:00:03]} b6 {[%emt 0:00:08]} 17. Rfe1 {[%emt 0:00:05]} Rad8 {[%emt 0:00:27]} 18. Qg3 {[%emt 0:01:05]} Qd4 {[%emt 0:01:00]} 19. Qe5 {[%emt 0:00:03]} Rd5 {[%emt 0:01:17]} 20. Qxd4 {[%emt 0:00:08]} cxd4 {[%emt 0:01:05]} 21. Re2 {[%emt 0:00:08]} Rc8 {[%emt 0:00:07]} 22. Kf1 {[%emt 0:00:37]} Rb5 {[%emt 0:00:33]} 23. Rb1 {[%emt 0:00:17]} Rbc5 {[%emt 0:01:22]} 24. Rc1 {[%emt 0:00:03]} Kf8 {[%emt 0:00:11]} 25. Ke1 {[%emt 0:00:03]} Ke7 {[%emt 0:00:02]} 26. Kd2 {[%emt 0:00:03]} Kd6 {[%emt 0:00:57]} 27. Re4 {[%emt 0:00:39]} e5 {[%emt 0:00:48]} 28. f4 {[%emt 0:00:06]} f6 {[%emt 0:00:03]} 29. fxe5+ {[%emt 0:00:03]} fxe5 {[%emt 0:00:03]} 30. Rh4 {[%emt 0:00:55]} h6 {[%emt 0:00:05]} 31. Rg4 {[%emt 0:00:12]} R8c7 {[%emt 0:00:04]} 32. Rg6+ {[%emt 0:00:14]} Kd5 {[%emt 0:00:03]} 33. c4+ {[%emt 0:01:26]} dxc3+ {[%emt 0:00:16]} 34. Rxc3 {[%emt 0:00:04]} Rxc3 {[%emt 0:02:10]} 35. bxc3 {[%emt 0:00:03]} e4 {[%emt 0:00:05]} 36. Rg4 {[%emt 0:01:12]} exd3 {[%emt 0:00:17]} 37. Kxd3 {[%emt 0:00:02]} Rf7 {[%emt 0:00:26]} 38. a4 {[%emt 0:00:09]} g5 {[%emt 0:00:37]} 39. Rd4+ {[%emt 0:01:21]} Kc5 {[%emt 0:00:08]} 40. Rc4+ {[%emt 0:00:04]} Kd5 {[%emt 0:00:18]} 41. Rd4+ {[%emt 0:00:05]} Kc6 {[%emt 0:00:07]} 42. h4 {[%emt 0:00:14]} Rf5 {[%emt 0:00:55]} 43. hxg5 {[%emt 0:00:19]} Rxg5 {[%emt 0:00:08]} 44. g4 {[%emt 0:00:19]} b5 {[%emt 0:00:23]} 45. axb5+ {[%emt 0:00:05]} Rxb5 {[%emt 0:00:24]} 46. Rf4 {[%emt 0:00:03]} Rd5+ {[%emt 0:00:06]} 47. Kc4 {[%emt 0:00:02]} Rd6 {[%emt 0:00:08]} 48. Rf5 {[%emt 0:00:07]} Rg6 {[%emt 0:00:09]} 49. Kb3 {[%emt 0:00:03]} Kb6 {[%emt 0:00:13]} 50. Rh5 {[%emt 0:00:03]} a5 {[%emt 0:00:08]} 51. c4 {[%emt 0:00:09]} Ka6 {[%emt 0:00:21]} 52. Ka4 {[%emt 0:00:06]} Kb6 {[%emt 0:00:03]} 53. Rb5+ {[%emt 0:00:08]} Kc6 {[%emt 0:00:04]} 54. Rxa5 {[%emt 0:00:03]} Rxg4 {[%emt 0:00:02]} 55. Ra6+ {[%emt 0:00:07]} Kc5 {[%emt 0:00:02]} 56. Rxh6 {[%emt 0:00:02]} Kxc4 {[%emt 0:00:02]} 57. Ka5 {[%emt 0:00:04]} Rg5+ {[%emt 0:00:03]} 58. Kb6 {[%emt 0:00:03]} 1/2-1/2

[Event "European Online Club-ch-F 2021"]
[Site "Online"]
[Date "2021.03.27"]
[Round "7.1"]
[White "Pechac, Jergus"]
[Black "Pulkkinen, Kari"]
[Result "1-0"]
[WhiteElo "2507"]
[BlackElo "2256"]
[Annotator "ChessBase"]
[PlyCount "63"]
[EventDate "2021.03.27"]
[EventType "team-tourn"]
[EventCountry "NET"]
[SourceTitle "playchess.com"]
[Source "ChessBase"]
[SourceQuality "1"]
[TimeControl "900+5"]

1. d4 {[%emt 0:00:00]} Nf6 {[%emt 0:00:04]} 2. c4 {[%emt 0:00:05]} c5 {[%emt 0:00:02]} 3. d5 {[%emt 0:00:02]} b5 {[%emt 0:00:02]} 4. cxb5 {[%emt 0:00:01]} a6 {[%emt 0:00:02]} 5. e3 {[%emt 0:00:01]} g6 {[%emt 0:00:03]} 6. Nc3 {[%emt 0:00:03]} Bg7 {[%emt 0:00:03]} 7. a4 {[%emt 0:00:03]} O-O {[%emt 0:00:04]} 8. e4 {[%emt 0:00:06]} e6 {[%emt 0:00:19]} 9. e5 {[%emt 0:00:21]} Ne8 {[%emt 0:00:17]} 10. Nf3 {[%emt 0:00:23]} Bb7 {[%emt 0:00:17]} 11. Bc4 {[%emt 0:02:22]} axb5 {[%emt 0:00:14]} 12. Nxb5 {[%emt 0:00:10]} exd5 {[%emt 0:02:20]} 13. Bxd5 {[%emt 0:00:03]} Bxd5 {[%emt 0:04:24]} 14. Qxd5 {[%emt 0:00:00]} Nc6 {[%emt 0:01:10]} 15. O-O {[%emt 0:00:38]} Nc7 {[%emt 0:00:07]} 16. Nxc7 {[%emt 0:03:14]} Qxc7 {[%emt 0:00:04]} 17. Qxc5 {[%emt 0:00:02]} Ra5 {[%emt 0:00:05]} 18. Qc3 {[%emt 0:00:26]} Rb8 {[%emt 0:00:47]} 19. b3 {[%emt 0:00:51]} Qb7 {[%emt 0:00:28]} 20. Bd2 {[%emt 0:00:48]} Rd5 {[%emt 0:00:22]} 21. Bf4 {[%emt 0:01:20]} Qxb3 {[%emt 0:00:14]} 22. Qxb3 {[%emt 0:00:07]} Rxb3 {[%emt 0:00:02]} 23. Rad1 {[%emt 0:00:14]} Rxd1 {[%emt 0:00:15]} 24. Rxd1 {[%emt 0:00:02]} Rb4 {[%emt 0:00:05]} 25. g3 {[%emt 0:00:06]} Rxa4 {[%emt 0:00:08]} 26. Rxd7 {[%emt 0:00:04]} h6 {[%emt 0:00:05]} 27. h4 {[%emt 0:00:37]} Re4 {[%emt 0:00:14]} 28. Kg2 {[%emt 0:00:27]} Ra4 {[%emt 0:00:53]} 29. Rc7 {[%emt 0:00:10]} Nd4 {[%emt 0:00:11]} 30. Nxd4 {[%emt 0:00:02]} Rxd4 {[%emt 0:00:02]} 31. e6 {[%emt 0:00:02]} Re4 {[%emt 0:00:07]} 32. exf7+ {[%emt 0:00:05]} 1-0

[Event "European Online Club-ch-F 2021"]
[Site "Online"]
[Date "2021.03.27"]
[Round "7.2"]
[White "Prieur, Eetu"]
[Black "Zwardon, Vojtech"]
[Result "1-0"]
[WhiteElo "2172"]
[BlackElo "2466"]
[Annotator "ChessBase"]
[PlyCount "89"]
[EventDate "2021.03.27"]
[EventType "team-tourn"]
[EventCountry "NET"]
[SourceTitle "playchess.com"]
[Source "ChessBase"]
[SourceQuality "1"]
[TimeControl "900+5"]

1. e4 {[%emt 0:00:00]} c5 {[%emt 0:00:02]} 2. d4 {[%emt 0:00:04]} cxd4 {[%emt 0:00:02]} 3. c3 {[%emt 0:00:04]} dxc3 {[%emt 0:00:01]} 4. Nxc3 {[%emt 0:00:02]} Nc6 {[%emt 0:00:01]} 5. Nf3 {[%emt 0:00:04]} e6 {[%emt 0:00:02]} 6. Bc4 {[%emt 0:00:09]} a6 {[%emt 0:00:02]} 7. O-O {[%emt 0:00:52]} Nge7 {[%emt 0:00:03]} 8. Bg5 {[%emt 0:00:14]} h6 {[%emt 0:00:02]} 9. Be3 {[%emt 0:00:08]} Ng6 {[%emt 0:00:03]} 10. Bb3 {[%emt 0:00:15]} Be7 {[%emt 0:00:03]} 11. Na4 {[%emt 0:01:34]} d6 {[%emt 0:00:23]} 12. Nb6 {[%emt 0:00:21]} Rb8 {[%emt 0:00:02]} 13. Qd2 {[%emt 0:00:53]} Nge5 {[%emt 0:00:43]} 14. Nxe5 {[%emt 0:00:33]} dxe5 {[%emt 0:00:01]} 15. Rfd1 {[%emt 0:00:45]} O-O {[%emt 0:02:02]} 16. Qc3 {[%emt 0:00:52]} Nd4 {[%emt 0:00:03]} 17. Rxd4 {[%emt 0:02:50]} exd4 {[%emt 0:00:04]} 18. Bxd4 {[%emt 0:00:02]} Bf6 {[%emt 0:02:27]} 19. e5 {[%emt 0:01:53]} Bg5 {[%emt 0:00:43]} 20. Rd1 {[%emt 0:00:06]} Qe7 {[%emt 0:02:50]} 21. h4 {[%emt 0:01:51]} Bxh4 {[%emt 0:00:05]} 22. Bc5 {[%emt 0:00:02]} Qc7 {[%emt 0:00:02]} 23. Qb4 {[%emt 0:00:04]} Bd8 {[%emt 0:01:43]} 24. Nxc8 {[%emt 0:00:42]} a5 {[%emt 0:00:31]} 25. Qa3 {[%emt 0:00:18]} Rxc8 {[%emt 0:00:23]} 26. Bxf8 {[%emt 0:00:03]} Qxe5 {[%emt 0:00:02]} 27. Qd6 {[%emt 0:00:12]} Bf6 {[%emt 0:00:50]} 28. Qxe5 {[%emt 0:00:13]} Bxe5 {[%emt 0:00:00]} 29. Be7 {[%emt 0:00:02]} b5 {[%emt 0:00:16]} 30. Rd8+ {[%emt 0:00:05]} Rxd8 {[%emt 0:00:02]} 31. Bxd8 {[%emt 0:00:01]} a4 {[%emt 0:00:00]} 32. Bc2 {[%emt 0:00:05]} Bxb2 {[%emt 0:00:01]} 33. Kf1 {[%emt 0:00:23]} Bd4 {[%emt 0:00:08]} 34. Be7 {[%emt 0:00:06]} Bc3 {[%emt 0:00:08]} 35. a3 {[%emt 0:00:05]} f6 {[%emt 0:00:12]} 36. Bd3 {[%emt 0:00:05]} Kf7 {[%emt 0:00:01]} 37. Bc5 {[%emt 0:00:03]} b4 {[%emt 0:00:17]} 38. axb4 {[%emt 0:00:03]} a3 {[%emt 0:00:04]} 39. Bc4 {[%emt 0:00:02]} Ke8 {[%emt 0:00:32]} 40. Bxe6 {[%emt 0:00:04]} Kd8 {[%emt 0:00:00]} 41. Bd6 {[%emt 0:00:09]} Be5 {[%emt 0:00:10]} 42. Bxe5 {[%emt 0:00:25]} fxe5 {[%emt 0:00:00]} 43. Ke2 {[%emt 0:00:02]} Kc7 {[%emt 0:00:15]} 44. Kd3 {[%emt 0:00:04]} a2 {[%emt 0:00:04]} 45. Bxa2 {[%emt 0:00:06]} 1-0

[Event "European Online Club-ch-F 2021"]
[Site "Online"]
[Date "2021.03.27"]
[Round "7.3"]
[White "Druska, Juraj"]
[Black "Graeffe, Petri"]
[Result "1/2-1/2"]
[WhiteElo "2495"]
[BlackElo "2043"]
[Annotator "ChessBase"]
[PlyCount "127"]
[EventDate "2021.03.27"]
[EventType "team-tourn"]
[EventCountry "NET"]
[SourceTitle "playchess.com"]
[Source "ChessBase"]
[SourceQuality "1"]
[TimeControl "900+5"]

1. e4 {[%emt 0:00:00]} c5 {[%emt 0:00:04]} 2. Nf3 {[%emt 0:00:07]} e6 {[%emt 0:00:02]} 3. b3 {[%emt 0:00:05]} Nf6 {[%emt 0:00:08]} 4. e5 {[%emt 0:01:21]} Nd5 {[%emt 0:00:03]} 5. c4 {[%emt 0:00:09]} Nc7 {[%emt 0:01:08]} 6. d4 {[%emt 0:00:14]} cxd4 {[%emt 0:00:11]} 7. Nxd4 {[%emt 0:00:00]} Nc6 {[%emt 0:00:30]} 8. Nxc6 {[%emt 0:00:11]} dxc6 {[%emt 0:00:11]} 9. Qxd8+ {[%emt 0:00:06]} Kxd8 {[%emt 0:00:02]} 10. Bd3 {[%emt 0:00:22]} Bb4+ {[%emt 0:00:07]} 11. Ke2 {[%emt 0:00:43]} a5 {[%emt 0:00:30]} 12. a3 {[%emt 0:00:11]} Bc5 {[%emt 0:00:14]} 13. Bb2 {[%emt 0:00:03]} b5 {[%emt 0:04:16]} 14. Nd2 {[%emt 0:00:26]} bxc4 {[%emt 0:00:34]} 15. bxc4 {[%emt 0:00:04]} Na6 {[%emt 0:01:25]} 16. Bc3 {[%emt 0:04:42]} Bb6 {[%emt 0:00:06]} 17. Rab1 {[%emt 0:00:02]} Bc7 {[%emt 0:00:18]} 18. Ne4 {[%emt 0:00:13]} Ke7 {[%emt 0:00:42]} 19. f4 {[%emt 0:01:15]} Bd7 {[%emt 0:01:20]} 20. c5 {[%emt 0:01:42]} Rhb8 {[%emt 0:01:12]} 21. Rxb8 {[%emt 0:00:04]} Nxb8 {[%emt 0:00:03]} 22. Rb1 {[%emt 0:00:09]} Bc8 {[%emt 0:00:26]} 23. Be1 {[%emt 0:01:19]} Nd7 {[%emt 0:01:00]} 24. g3 {[%emt 0:01:14]} h6 {[%emt 0:00:07]} 25. Bc3 {[%emt 0:00:08]} Bb8 {[%emt 0:00:55]} 26. Ke3 {[%emt 0:00:16]} Ba7 {[%emt 0:00:01]} 27. Bd4 {[%emt 0:00:01]} f5 {[%emt 0:00:14]} 28. exf6+ {[%emt 0:00:06]} gxf6 {[%emt 0:00:01]} 29. Kd2 {[%emt 0:01:48]} f5 {[%emt 0:00:23]} 30. Nc3 {[%emt 0:00:01]} Bxc5 {[%emt 0:00:07]} 31. Bxc5+ {[%emt 0:00:11]} Nxc5 {[%emt 0:00:01]} 32. Bc4 {[%emt 0:00:04]} Ba6 {[%emt 0:00:20]} 33. Bxa6 {[%emt 0:00:02]} Rxa6 {[%emt 0:00:02]} 34. Rb8 {[%emt 0:00:01]} Kf6 {[%emt 0:00:15]} 35. Ke3 {[%emt 0:00:04]} Ra7 {[%emt 0:00:20]} 36. Rc8 {[%emt 0:00:12]} Rd7 {[%emt 0:00:02]} 37. Ne2 {[%emt 0:00:16]} Rd3+ {[%emt 0:00:09]} 38. Kf2 {[%emt 0:00:01]} Ne4+ {[%emt 0:00:04]} 39. Ke1 {[%emt 0:00:02]} Rd6 {[%emt 0:00:06]} 40. Rf8+ {[%emt 0:00:09]} Kg7 {[%emt 0:00:03]} 41. Ra8 {[%emt 0:00:01]} Rd5 {[%emt 0:00:03]} 42. Ra6 {[%emt 0:00:02]} Rc5 {[%emt 0:00:03]} 43. Nd4 {[%emt 0:00:02]} Rc1+ {[%emt 0:00:10]} 44. Ke2 {[%emt 0:00:03]} Rh1 {[%emt 0:00:02]} 45. Rxc6 {[%emt 0:00:08]} Rxh2+ {[%emt 0:00:03]} 46. Kf3 {[%emt 0:00:02]} Rf2+ {[%emt 0:00:05]} 47. Ke3 {[%emt 0:00:01]} Ra2 {[%emt 0:00:07]} 48. Nxe6+ {[%emt 0:00:03]} Kf7 {[%emt 0:00:09]} 49. Nd8+ {[%emt 0:00:12]} Ke8 {[%emt 0:00:07]} 50. Nb7 {[%emt 0:00:04]} Rxa3+ {[%emt 0:00:04]} 51. Kd4 {[%emt 0:00:01]} Kd7 {[%emt 0:00:05]} 52. Rxh6 {[%emt 0:00:06]} Nxg3 {[%emt 0:00:07]} 53. Ra6 {[%emt 0:00:14]} Ne2+ {[%emt 0:00:06]} 54. Ke5 {[%emt 0:00:03]} a4 {[%emt 0:00:12]} 55. Nc5+ {[%emt 0:00:03]} Kc7 {[%emt 0:00:03]} 56. Nxa4 {[%emt 0:00:08]} Ng3 {[%emt 0:00:14]} 57. Ra7+ {[%emt 0:00:07]} Kb8 {[%emt 0:00:04]} 58. Rg7 {[%emt 0:00:04]} Nh5 {[%emt 0:00:09]} 59. Rg8+ {[%emt 0:00:14]} Kc7 {[%emt 0:00:05]} 60. Rg5 {[%emt 0:00:07]} Nxf4 {[%emt 0:00:02]} 61. Kxf4 {[%emt 0:00:02]} Rxa4+ {[%emt 0:00:01]} 62. Kxf5 {[%emt 0:00:00]} Ra5+ {[%emt 0:00:02]} 63. Kg6 {[%emt 0:00:01]} Rxg5+ {[%emt 0:00:01]} 64. Kxg5 {[%emt 0:00:00]} 1/2-1/2

[Event "European Online Club-ch-F 2021"]
[Site "Online"]
[Date "2021.03.27"]
[Round "7.4"]
[White "Kivilahti, Rami"]
[Black "Jablonicky, Martin"]
[Result "1/2-1/2"]
[WhiteElo "1962"]
[BlackElo "2298"]
[Annotator "NA"]
[PlyCount "114"]
[EventDate "2021.03.27"]
[EventType "team-tourn"]
[EventCountry "NET"]
[SourceTitle "playchess.com"]
[Source "ChessBase"]
[SourceQuality "1"]
[TimeControl "900+5"]

1. d4 {[%emt 0:00:00]} Nf6 {[%emt 0:00:04]} 2. Nf3 {[%emt 0:00:05]} g6 {[%emt 0:00:03]} 3. c4 {[%emt 0:00:07]} Bg7 {[%emt 0:00:03]} 4. Nc3 {[%emt 0:00:01]} O-O {[%emt 0:00:04]} 5. Bg5 {[%emt 0:00:06]} c5 {[%emt 0:00:04]} 6. e3 {[%emt 0:00:09]} cxd4 {[%emt 0:00:14]} 7. exd4 {[%emt 0:00:18]} d5 {[%emt 0:00:04]} 8. Bxf6 {[%emt 0:00:15]} exf6 {[%emt 0:00:03]} 9. Nxd5 {[%emt 0:00:09]} Bg4 {[%emt 0:00:07]} 10. Be2 {[%emt 0:00:05]} Nc6 {[%emt 0:00:05]} 11. O-O {[%emt 0:00:10]} f5 {[%emt 0:00:04]} 12. Rb1 {[%emt 0:00:55]} Re8 {[%emt 0:00:10]} 13. Nc3 {[%emt 0:00:25]} Rxe2 {[%emt 0:04:53]} 14. Nxe2 {[%emt 0:01:57]} Bxf3 {[%emt 0:00:03]} 15. gxf3 {[%emt 0:00:03]} Qh4 {[%emt 0:00:17]} 16. f4 {[%emt 0:01:01]} Bxd4 {[%emt 0:04:44]} 17. Nxd4 {[%emt 0:03:43]} Rd8 {[%emt 0:01:08]} 18. Nxf5 {[%emt 0:01:15]} gxf5 {[%emt 0:01:46]} 19. Qf3 {[%emt 0:00:43]} Kh8 {[%emt 0:00:41]} 20. Kh1 {[%emt 0:00:25]} Nd4 {[%emt 0:00:32]} 21. Qg3 {[%emt 0:00:27]} Qf6 {[%emt 0:00:03]} 22. Qg5 {[%emt 0:00:57]} Qc6+ {[%emt 0:00:10]} 23. Qg2 {[%emt 0:00:13]} Nf3 {[%emt 0:00:09]} 24. Rg1 {[%emt 0:01:14]} Nxg1 {[%emt 0:00:04]} 25. Qxc6 {[%emt 0:00:08]} bxc6 {[%emt 0:00:04]} 26. Kxg1 {[%emt 0:00:08]} Rd4 {[%emt 0:00:06]} 27. b3 {[%emt 0:00:44]} Rd2 {[%emt 0:00:18]} 28. a3 {[%emt 0:00:39]} Rd3 {[%emt 0:00:07]} 29. a4 {[%emt 0:00:07]} Kg7 {[%emt 0:00:20]} 30. Kg2 {[%emt 0:00:06]} Kf6 {[%emt 0:00:04]} 31. b4 {[%emt 0:00:07]} Rd4 {[%emt 0:00:11]} 32. Rc1 {[%emt 0:00:10]} Rxf4 {[%emt 0:00:06]} 33. b5 {[%emt 0:00:03]} cxb5 {[%emt 0:00:08]} 34. axb5 {[%emt 0:00:02]} Ke7 {[%emt 0:00:23]} 35. f3 {[%emt 0:00:26]} Rd4 {[%emt 0:00:10]} 36. Kf2 {[%emt 0:00:07]} f4 {[%emt 0:00:12]} 37. Ke2 {[%emt 0:00:05]} Rd6 {[%emt 0:00:13]} 38. Ra1 {[%emt 0:00:17]} Rd7 {[%emt 0:00:06]} 39. c5 {[%emt 0:00:12]} Rc7 {[%emt 0:00:04]} 40. b6 {[%emt 0:00:07]} axb6 {[%emt 0:00:02]} 41. cxb6 {[%emt 0:00:01]} Rc2+ {[%emt 0:00:02]} 42. Kd3 {[%emt 0:00:03]} Rb2 {[%emt 0:00:02]} 43. Ra7+ {[%emt 0:00:05]} Kd6 {[%emt 0:00:06]} 44. Rxf7 {[%emt 0:00:05]} Rxh2 {[%emt 0:00:03]} 45. Rxf4 {[%emt 0:00:06]} Rb2 {[%emt 0:00:05]} 46. Ke4 {[%emt 0:00:03]} Ke6 {[%emt 0:00:05]} 47. Rg4 {[%emt 0:00:11]} Rxb6 {[%emt 0:00:04]} 48. Kf4 {[%emt 0:00:02]} Kf6 {[%emt 0:00:02]} 49. Kg3 {[%emt 0:00:03]} Rb1 {[%emt 0:00:03]} 50. Rh4 {[%emt 0:00:03]} Kg6 {[%emt 0:00:03]} 51. Rg4+ {[%emt 0:00:02]} Kf5 {[%emt 0:00:02]} 52. Ra4 {[%emt 0:00:03]} Rg1+ {[%emt 0:00:04]} 53. Kf2 {[%emt 0:00:02]} Rg7 {[%emt 0:00:03]} 54. Ra5+ {[%emt 0:00:03]} Kf4 {[%emt 0:00:04]} 55. Ra4+ {[%emt 0:00:02]} Kf5 {[%emt 0:00:02]} 56. Ra5+ {[%emt 0:00:03]} Kf4 {[%emt 0:00:01]} 57. Ra4+ {[%emt 0:00:02]} Kf5 {[%emt 0:00:01]} 1/2-1/2

[Event "European Online Club-ch-F 2021"]
[Site "Online"]
[Date "2021.03.27"]
[Round "7.5"]
[White "Gokerkan, Cem Kaan"]
[Black "Kovalev, Vladislav"]
[Result "0-1"]
[WhiteElo "2470"]
[BlackElo "2648"]
[Annotator "ChessBase"]
[PlyCount "86"]
[EventDate "2021.03.27"]
[EventType "team-tourn"]
[EventCountry "NET"]
[SourceTitle "playchess.com"]
[Source "ChessBase"]
[SourceQuality "1"]
[TimeControl "900+5"]

1. e4 {[%emt 0:00:00]} e5 {[%emt 0:00:03]} 2. Nf3 {[%emt 0:00:04]} Nc6 {[%emt 0:00:02]} 3. Bc4 {[%emt 0:00:01]} Nf6 {[%emt 0:00:01]} 4. d3 {[%emt 0:00:02]} Bc5 {[%emt 0:00:01]} 5. c3 {[%emt 0:00:02]} a6 {[%emt 0:00:02]} 6. Bb3 {[%emt 0:00:06]} d6 {[%emt 0:00:03]} 7. Nbd2 {[%emt 0:00:04]} h6 {[%emt 0:00:04]} 8. Nf1 {[%emt 0:00:07]} O-O {[%emt 0:00:47]} 9. Ng3 {[%emt 0:00:03]} Be6 {[%emt 0:00:02]} 10. O-O {[%emt 0:00:03]} Ba7 {[%emt 0:00:17]} 11. Qe2 {[%emt 0:00:49]} Qd7 {[%emt 0:00:28]} 12. Nh4 {[%emt 0:00:22]} Ne7 {[%emt 0:00:12]} 13. Kh1 {[%emt 0:00:25]} Bxb3 {[%emt 0:00:13]} 14. axb3 {[%emt 0:00:03]} Qg4 {[%emt 0:00:02]} 15. Qxg4 {[%emt 0:03:18]} Nxg4 {[%emt 0:00:00]} 16. Kg1 {[%emt 0:00:01]} Kh7 {[%emt 0:00:04]} 17. h3 {[%emt 0:00:06]} Nf6 {[%emt 0:00:01]} 18. Nhf5 {[%emt 0:00:55]} Nxf5 {[%emt 0:00:02]} 19. Nxf5 {[%emt 0:00:00]} d5 {[%emt 0:00:38]} 20. exd5 {[%emt 0:00:43]} Nxd5 {[%emt 0:00:00]} 21. Re1 {[%emt 0:00:29]} Rfe8 {[%emt 0:01:10]} 22. Ra4 {[%emt 0:00:10]} Rad8 {[%emt 0:01:44]} 23. Rae4 {[%emt 0:04:49]} Nf6 {[%emt 0:00:03]} 24. Rxe5 {[%emt 0:00:06]} Rxe5 {[%emt 0:00:00]} 25. Rxe5 {[%emt 0:00:02]} Rxd3 {[%emt 0:00:01]} 26. Be3 {[%emt 0:00:19]} Rd1+ {[%emt 0:00:06]} 27. Kh2 {[%emt 0:00:02]} Bxe3 {[%emt 0:00:13]} 28. Nxe3 {[%emt 0:01:38]} Rd2 {[%emt 0:00:01]} 29. Re7 {[%emt 0:00:27]} Rxf2 {[%emt 0:00:13]} 30. Rxc7 {[%emt 0:00:05]} b5 {[%emt 0:00:03]} 31. b4 {[%emt 0:00:18]} Ne4 {[%emt 0:00:34]} 32. Re7 {[%emt 0:00:48]} Ng5 {[%emt 0:02:08]} 33. Ra7 {[%emt 0:00:02]} f5 {[%emt 0:01:06]} 34. h4 {[%emt 0:00:41]} Ne4 {[%emt 0:00:26]} 35. Re7 {[%emt 0:00:33]} Kg6 {[%emt 0:00:20]} 36. h5+ {[%emt 0:00:03]} Kxh5 {[%emt 0:01:44]} 37. Rxg7 {[%emt 0:00:02]} f4 {[%emt 0:01:35]} 38. Nd5 {[%emt 0:00:01]} Rf1 {[%emt 0:00:25]} 39. Re7 {[%emt 0:00:12]} Nf2 {[%emt 0:01:14]} 40. Nxf4+ {[%emt 0:00:13]} Kg4 {[%emt 0:00:01]} 41. g3 {[%emt 0:00:05]} Kf3 {[%emt 0:00:01]} 42. Re3+ {[%emt 0:00:05]} Kxe3 {[%emt 0:00:01]} 43. Kg2 {[%emt 0:00:00]} Rd1 {[%emt 0:00:20]} 0-1

[Event "European Online Club-ch-F 2021"]
[Site "Online"]
[Date "2021.03.27"]
[Round "7.6"]
[White "Zhigalko, Andrey"]
[Black "Ozen, Deniz"]
[Result "1-0"]
[WhiteElo "2517"]
[BlackElo "2397"]
[Annotator "ChessBase"]
[PlyCount "87"]
[EventDate "2021.03.27"]
[EventType "team-tourn"]
[EventCountry "NET"]
[SourceTitle "playchess.com"]
[Source "ChessBase"]
[SourceQuality "1"]
[TimeControl "900+5"]

1. c4 {[%emt 0:00:00]} e5 {[%emt 0:00:04]} 2. g3 {[%emt 0:00:04]} Nf6 {[%emt 0:00:03]} 3. Bg2 {[%emt 0:00:20]} c6 {[%emt 0:00:07]} 4. Nf3 {[%emt 0:00:13]} e4 {[%emt 0:00:07]} 5. Nd4 {[%emt 0:00:02]} d5 {[%emt 0:00:01]} 6. cxd5 {[%emt 0:00:05]} Qxd5 {[%emt 0:00:23]} 7. e3 {[%emt 0:00:03]} Bc5 {[%emt 0:01:45]} 8. d3 {[%emt 0:03:05]} Bxd4 {[%emt 0:06:00]} 9. exd4 {[%emt 0:00:04]} Qxd4 {[%emt 0:00:24]} 10. dxe4 {[%emt 0:00:05]} Qxd1+ {[%emt 0:00:02]} 11. Kxd1 {[%emt 0:00:00]} Be6 {[%emt 0:00:06]} 12. h3 {[%emt 0:05:47]} Nbd7 {[%emt 0:00:20]} 13. Be3 {[%emt 0:00:16]} O-O-O {[%emt 0:01:04]} 14. Kc2 {[%emt 0:00:08]} Ne5 {[%emt 0:01:42]} 15. Nd2 {[%emt 0:01:51]} Rhe8 {[%emt 0:01:43]} 16. Rad1 {[%emt 0:00:43]} b6 {[%emt 0:00:16]} 17. f4 {[%emt 0:00:23]} Ned7 {[%emt 0:00:11]} 18. Rhe1 {[%emt 0:00:10]} Nb8 {[%emt 0:01:28]} 19. f5 {[%emt 0:00:24]} Bxa2 {[%emt 0:00:18]} 20. Ra1 {[%emt 0:00:33]} Na6 {[%emt 0:00:03]} 21. Kc3 {[%emt 0:00:11]} Nd7 {[%emt 0:00:26]} 22. Rxa2 {[%emt 0:00:15]} Nc7 {[%emt 0:00:01]} 23. Bf1 {[%emt 0:00:47]} a5 {[%emt 0:00:04]} 24. Raa1 {[%emt 0:00:29]} Kb7 {[%emt 0:00:15]} 25. Kc2 {[%emt 0:00:18]} Nf6 {[%emt 0:00:03]} 26. Bd3 {[%emt 0:00:17]} Re7 {[%emt 0:00:08]} 27. Nc4 {[%emt 0:00:08]} Nxe4 {[%emt 0:00:01]} 28. Bxb6 {[%emt 0:00:09]} Rde8 {[%emt 0:00:07]} 29. Rxe4 {[%emt 0:00:13]} Rxe4 {[%emt 0:00:01]} 30. Bxe4 {[%emt 0:00:01]} Nb5 {[%emt 0:00:02]} 31. Bd3 {[%emt 0:00:08]} f6 {[%emt 0:00:04]} 32. Bc5 {[%emt 0:00:04]} Kc7 {[%emt 0:00:06]} 33. Rxa5 {[%emt 0:00:05]} Re1 {[%emt 0:00:01]} 34. Na3 {[%emt 0:00:05]} Re5 {[%emt 0:00:05]} 35. Nxb5+ {[%emt 0:00:06]} cxb5 {[%emt 0:00:00]} 36. Rxb5 {[%emt 0:00:04]} Kc6 {[%emt 0:00:01]} 37. Bf8 {[%emt 0:00:08]} Re1 {[%emt 0:00:03]} 38. Bxg7 {[%emt 0:00:06]} h5 {[%emt 0:00:01]} 39. Bxf6 {[%emt 0:00:02]} h4 {[%emt 0:00:01]} 40. Bxh4 {[%emt 0:00:03]} Rg1 {[%emt 0:00:01]} 41. Re5 {[%emt 0:00:04]} Kd6 {[%emt 0:00:01]} 42. Re2 {[%emt 0:00:03]} Rf1 {[%emt 0:00:02]} 43. Re6+ {[%emt 0:00:03]} Kd5 {[%emt 0:00:01]} 44. Bxf1 {[%emt 0:00:02]} 1-0